000 00439nam a2200181Ia 4500
001 21220
005 20260306172903.0
008 260306t2016||||xx |||||||||||||| ||spa||
041 _aESP
082 _a344.2
_bR47A
100 _aReyes Calderón, José Adolfo
_eAUT
245 0 _aImputabilidad e inimputabilidad
260 _c2016
300 _a238 páginas :
_c28 cm.
650 _aGEN
654 _aCDE
942 _cLIB
_dJUS
_fJUS
_2ddc
_n
999 _c21220
_d21220